01186cam a2200265 a 450000100090000000300040000900500170001300800410003001000170007102000190008804000370010704200140014405000220015810000180018024502410019825000120043926000440045130000160049550001530051150400660066465000470073065000530077765000530083065000370088316968200OSt20230206114022.0110919s2012 txu b 001 0 eng d a 2011939278 a9781936909230  aDONbengcDONdOCLCFdOCLCQdDLC alccopycat00aPN4797b.L56 20121 aLindner, Ken.14aThe new broadcasting realities :breal-life strategies, insights, and issues for broadcast journalists, aspiring journalist, production executives, and broadcasters in the New Age of broadcasting, cable, and the internet /cKen Lindner. a2nd ed. aAustin, TX :bLive Oak Book Co.,c2012. ax, 403 p. ; aFirst edition published as: Broadcasting realities : real-life issues and insights for broadcast journalists, aspiring journalists and broadcasters. aIncludes bibliographical references (p. [391]-396) and index. 0aBroadcast journalismxVocational guidance. 0aBroadcast journalismxTechnological innovations. 0aBroadcast journalismxMoral and ethical aspects. 0aTelevision broadcasting of news.